[Event "Rome Elo op 1st"]
[Site "Rome"]
[Date "2008.10.15"]
[Round "1"]
[White "Silvestri, Maurizio"]
[Black "Medori, Marco"]
[Result "1/2-1/2"]
[WhiteElo "1627"]
[BlackElo "1929"]
[PlyCount "59"]
[EventDate "2008.10.15"]
[EventType "swiss"]
[EventRounds "7"]
[EventCountry "ITA"]
[SourceTitle "EXT 2011"]
[Source "ChessBase"]
[SourceDate "2010.11.26"]
[SourceVersion "1"]
[SourceVersionDate "2010.11.26"]
[SourceQuality "1"]

1. d4 Nf6 2. c4 g6 3. Nc3 Bg7 4. e4 0-0 5. Bd3 d6 6. Nge2 c5 7. d5 e6 8. 0-0 exd5 9. exd5 Na6 10. a3 Nc7 11. Bg5 Qd7 12. h3 b6 13. Re1 Bb7 14. Rb1 Rfb8 15. Ne4 Nxe4 16. Bxe4 b5 17. b3 Ba6 18. Qc2 Rb6 19. Bd3 Rab8 20. Nc3 b4 21. axb4 Rxb4 22. Ne4 Ne8 23. Bd2 R4b6 24. Bc3 f5 25. Nd2 Bxc3 26. Qxc3 Qg7 27. Qxg7+ Nxg7 28. Re7 R6b7 29. Rxb7 Bxb7 30. Re1 1/2-1/2